000 00298nam a22001337a 4500
008 170606b xxu||||| |||| 00| 0 eng d
020 _a9780205189458
041 _aeng
080 _a32
100 _a18
101 _aSHP
245 _aRUSSIAN AND EURASIAN POLITICS
_cCICHOK,M.A
942 _2udc
_cBK
999 _c16169
_d16169